Catálogo

HISTORIA DE LOS ESTILOS ARTISTICOS (Registro nro. 17525)

Detalles MARC
000 -LEADER
fixed length control field 00401nam a2200157 a 4500
001 - CONTROL NUMBER
control field 17525
005 - DATE AND TIME OF LATEST TRANSACTION
control field 20180713210658.0
008 - FIXED-LENGTH DATA ELEMENTS--GENERAL INFORMATION
fixed length control field 140415s1971 sp 000 0 spa d
041 ## - LANGUAGE CODE
Language code of text/sound track or separate title spa
082 ## - DEWEY DECIMAL CLASSIFICATION NUMBER
Classification number 709
Item number HIS
245 00 - TITLE STATEMENT
Title HISTORIA DE LOS ESTILOS ARTISTICOS
250 ## - EDITION STATEMENT
Edition statement 1a ed.
260 ## - PUBLICATION, DISTRIBUTION, ETC.
Place of publication, distribution, etc. ESPAÑA :
Name of publisher, distributor, etc. ISTMO,
Date of publication, distribution, etc. 1971
490 ## - SERIES STATEMENT
Series statement FUNDAMENTOS
Volume/sequential designation 36,37
650 14 - SUBJECT ADDED ENTRY--TOPICAL TERM
Topical term or geographic name entry element ARTE
General subdivision HISTORIA
Existencias
Withdrawn status Lost status Source of classification or shelving scheme Damaged status Not for loan Collection code Home library Current library Shelving location Date acquired Source of acquisition Inventory number Total Checkouts Full call number Barcode Date last seen Date last checked out Price effective from Koha item type
    Dewey Decimal Classification     General Biblioteca Karol Wojtyla Biblioteca Karol Wojtyla Sala general 03/12/2013 Compra 151000000000000000028432   709 HIS 3573 05/01/2026 03/10/2017 03/12/2013 Libro
    Dewey Decimal Classification     General Biblioteca Karol Wojtyla Biblioteca Karol Wojtyla Sala general 03/12/2013 Compra 151000000000000000028440   709 HIS 3574 05/01/2026 16/03/2017 26/11/2014 Libro